00173nam a22000857a 4500082001700000245003300017260000900050300000900059650001900068 a673.7332 INC aInco guide to nickel plating c1988 a72 p anickel plating